000 00406nam a2200121 a 4500
008 120416s1986 xx |||||||||||||| || u
050 _aTX 943 Nat
245 0 0 _aApplied food service sanitation
250 _a2nd ed.
260 _c1986
350 _a0.00
995 _D0.00
_FCBU-MAIN LIBRARY (Kitwe)
_H1
_I0.00
_UAVAILABLE
_ZAnnex Low-Usage Collection
999 _c34558
_d34558